00458 2200169 4500245007300000020002200073250001100095100001900106700002500125650002200150005001900172260003800191041001400229084001100243300002500254336000900279 aBisnis Periklanan b : Seri Wirausahawan MudacBamban NugrahahText a978-602-8823-61-6 aCet. 1 aBamban Nugraha aSuro Udioko Prapanca aBisnis Periklanan a20230328103655 aDepokbBinamuda Ciptakreasic2013 aIndonesia a338.04 aiv, 68 hlm. :cilus. atext